Statistics for Kyrgyzstan Country Quiz

Click here to take the quiz!

General Stats

  • This quiz has been taken 13,895 times
    (13,852 since last reset)
  • The average score is 9 of 17

Answer Stats

HintAnswer% Correct
Only bordering country whose name does not end with "-stan"China
96%
Second most-spoken language after KyrgyzRussian
94%
Country from which Kyrgyzstan gained its independence in 1991Soviet Union
90%
Kyrgyzstan is further from the ____ than any other countrySea
80%
Capital city of KyrgyzstanBishkek
77%
Metal which comprises 43% Kyrgyzstan's exportsGold
70%
Type of portable dwelling depicted on the flagYurt
64%
"Ulak tartysh" is the sport in which horse-mounted players attempt
to place this type of animal in a goal
Goat (or a Calf
sometimes)
60%
Illegal, but still practiced, way of obtaining a bride known as "Ala kachuu"Kidnapping
60%
Second-largest ethnic group, about 14.7% of the populationUzbek
50%
2005 revolution that led to the overthrow of President Askar Akayev
(hint: a flower)
{Tulip} Revolution
47%
The region of Arslanbob contains the largest forest of this type of nut-bearing treeWalnut
36%
Mountain range covering eastern Kyrgyzstan{Tian} Shan
30%
Second-largest city (hint: 3 letters long)Osh
26%
Currency of KyrgyzstanSom
25%
Major lake that is entirely located in Kyrgyzstan{Issyk}-Kul
23%
Epic poem that tells of the formation of the Kyrgyz people - thought to be more than
1,000 years old and 20 times longer than Homer's Odyssey
Epic of {Manas}
17%

Score Distribution

Percentile by Number Answered

Percent of People with Each Score

Your Score History

You have not taken this quiz since the last reset